000 00334nam a2200145Ia 4500
008 221030s9999 xx 000 0 und d
041 _aEnglish
082 _a105.23
_bRaj
100 _aR. K. Rajput
245 0 _aThermal Engineering
260 _bLaxmi Pub.
_aNew Delhi
_c1999
300 _a1671
650 _aMechanical
942 _cBK
999 _c1643
_d1643